ACS - az új fiatalító szérum

Elmentve itt :
Bibliográfiai részletek
Szerzők: Lawrence William L.
Mosonyi Klára
Dokumentumtípus: Cikk
Megjelent: 1946
Sorozat:Irodalom, tudomány : a Magyar-Szovjet Művelődési Társaság folyóirata 1 No. 6
Kulcsszavak:Bőrgyógyászat - tanulmány
Online Access:http://misc.bibl.u-szeged.hu/3722
LEADER 00661nab a2200181 i 4500
001 misc3722
005 20191106141845.0
008 170607s1946 hu o 0|| hun d
040 |a SZTE Miscellanea Repozitórium  |b hun 
041 |a hun 
100 1 |a Lawrence William L. 
245 1 0 |a ACS - az új fiatalító szérum  |h [elektronikus dokumentum] /  |c  Lawrence William L. 
260 |c 1946 
300 |a 113-115 
490 0 |a Irodalom, tudomány : a Magyar-Szovjet Művelődési Társaság folyóirata  |v 1 No. 6 
695 |a Bőrgyógyászat - tanulmány 
700 0 1 |a Mosonyi Klára  |e aut 
856 4 0 |u http://misc.bibl.u-szeged.hu/3722/1/irtud_006_113-115.pdf  |z Dokumentum-elérés